LEADER 01167nam 2200397 450 001 9910812578103321 005 20230612161435.0 010 $a1-119-40986-1 010 $a1-119-40982-9 010 $a1-119-40983-7 035 $a(CKB)4100000009184695 035 $a(MiAaPQ)EBC5891698 035 $a(EXLCZ)994100000009184695 100 $a20191002d2020 uy 0 101 0 $aeng 135 $aurcnu|||||||| 181 $ctxt$2rdacontent 182 $cc$2rdamedia 183 $acr$2rdacarrier 200 00$aCardiac problems in pregnancy /$fedited by Uri Elkayam 210 1$aHoboken, New Jersey ;$aWest Sussex, England :$cWiley Blackwell,$d[2020] 210 4$dİ2020 215 $a1 online resource (562 pages) 311 $a1-119-40979-9 606 $aPregnancy Complications, Cardiovascular$xDiagnosis 615 0$aPregnancy Complications, Cardiovascular$xDiagnosis. 676 $a618.3 700 $aElkayam$b Uri$01700857 702 $aElkayam$b Uri 801 0$bMiAaPQ 801 1$bMiAaPQ 801 2$bMiAaPQ 906 $aBOOK 912 $a9910812578103321 996 $aCardiac problems in pregnancy$94084195 997 $aUNINA LEADER 03301oas 2201141 a 450 001 9910172125103321 005 20251009213015.0 035 $a(OCoLC)60616695 035 $a(CONSER) 2013247514 035 $a(CKB)958480273020 035 $a(EXLCZ)99958480273020 100 $a20050614a19889999 sy 101 0 $aeng 135 $aurun||||||||| 181 $ctxt$2rdacontent 182 $cc$2rdamedia 183 $acr$2rdacarrier 200 10$aEnvironmental engineering $ethe journal of the Society of Environmental Engineers 210 $a[Bury Saint Edmunds, England] $c[Published for the Society by Mechanical Engineering Pub.] 300 $aImprint and place of publication vary. 311 08$a0954-5824 606 $aBuildings$xEnvironmental engineering$vPeriodicals 606 $aEnvironmental engineering$vPeriodicals 606 $aEnvironmental testing$vPeriodicals 606 $aMaterials$xTesting$vPeriodicals 606 $aEngineering 606 $aEnvironment 606 $aMaterials Testing 606 $aConstructions$xTechnique de l'environnement$vPe?riodiques 606 $aTechnique de l'environnement$vPe?riodiques 606 $aEssais d'environnement$vPe?riodiques 606 $aMate?riaux$xEssais$vPe?riodiques 606 $aEnvironmental Engineering$2ebps 606 $aBuildings$xEnvironmental engineering$2fast$3(OCoLC)fst00841055 606 $aEnvironmental engineering$2fast$3(OCoLC)fst00912934 606 $aEnvironmental testing$2fast$3(OCoLC)fst00913532 606 $aMaterials$xTesting$2fast$3(OCoLC)fst01011882 606 $aengineering$2aat 608 $aPeriodical. 608 $aPeriodicals.$2fast 615 0$aBuildings$xEnvironmental engineering 615 0$aEnvironmental engineering 615 0$aEnvironmental testing 615 0$aMaterials$xTesting 615 2$aEngineering. 615 2$aEnvironment. 615 2$aMaterials Testing. 615 6$aConstructions$xTechnique de l'environnement 615 6$aTechnique de l'environnement 615 6$aEssais d'environnement 615 6$aMate?riaux$xEssais 615 7$aEnvironmental Engineering. 615 7$aBuildings$xEnvironmental engineering. 615 7$aEnvironmental engineering. 615 7$aEnvironmental testing. 615 7$aMaterials$xTesting. 615 7$aengineering. 676 $a696/.05 712 02$aSociety of Environmental Engineers (Great Britain) 801 0$bOCLCS 801 1$bOCLCS 801 2$bCO3 801 2$bOCLCQ 801 2$bCOD 801 2$bOCLCF 801 2$bOCLCO 801 2$bOCLCQ 801 2$bOCLCO 801 2$bOCLCQ 801 2$bZ5A 801 2$bOCLCO 801 2$bXFH 801 2$bOCLCO 801 2$bWT2 801 2$bOCLCQ 801 2$bOCLCO 801 2$bOCLCA 801 2$bOCLCQ 801 2$bAU@ 801 2$bOCLCO 801 2$bWYU 801 2$bOCLCO 801 2$bOCLCA 801 2$bOCLCQ 801 2$bSXB 801 2$bUEJ 801 2$bOCLCL 801 2$bZAC 801 2$bVT2 801 2$bU3W 801 2$bUOK 801 2$bLND 801 2$bOCP 801 2$bNTG 906 $aJOURNAL 912 $a9910172125103321 996 $aEnvironmental engineering$9835335 997 $aUNINA